|
|
|
|
| LEADER |
00000nam a2200000 a 4500 |
| 001 |
vtls008688254 |
| 003 |
SK-MaSNL |
| 005 |
20260301021653.0 |
| 008 |
240318s2006 xo dl d p 000 0 slo |
| 015 |
|
|
|a SNBA2006/04-02042
|
| 020 |
|
|
|a 8022815519
|q (brož.)
|
| 035 |
|
|
|a 671B5800-BD0C-4A0B-86E9-EB1ADCA7C4E5
|
| 035 |
|
|
|a urn:nbn:sk:snk-amkwcd
|
| 035 |
|
|
|a urn:nbn:sk:snk-am00839o
|
| 040 |
|
|
|a SNK
|b slo
|c SNK
|e AACR2
|
| 041 |
0 |
|
|a slo
|
| 044 |
|
|
|a xo
|c SK
|
| 072 |
|
7 |
|a 621
|x Strojárstvo
|2 konspekt
|
| 080 |
|
|
|a 621.43
|2 2001
|
| 080 |
|
|
|a (075.8)
|2 2001
|
| 080 |
|
|
|a 621.82/.85
|2 2001
|
| 080 |
|
|
|a 621.83/.85
|2 2001
|
| 100 |
1 |
|
|a Danko, Branislav
|4 aut
|9 40098
|
| 245 |
1 |
0 |
|a Pohony a prenosy
|c Branislav Danko
|n I.
|p Spaľovacie motory
|
| 246 |
3 |
0 |
|a Spaľovacie motory
|
| 250 |
|
|
|a 1. vyd.
|
| 260 |
|
|
|a Vo Zvolene
|b Technická univerzita
|c 2006
|
| 300 |
|
|
|a 198 s.
|b grafy, sch., tab.
|c 29 cm
|
| 366 |
|
|
|e 100 výtl.
|
| 504 |
|
|
|a Bibliogr. s. 189
|
| 650 |
0 |
7 |
|a pohonné systémy
|2 SNKPH
|9 51036
|
| 650 |
0 |
7 |
|a prevodové mechanizmy
|2 SNKPH
|9 67636
|
| 650 |
0 |
7 |
|a spaľovacie motory
|2 SNKPH
|9 67366
|
| 655 |
|
7 |
|a učebnice vysokých škôl
|2 SNKPH
|9 70191
|
| 919 |
|
|
|a 80-228-1551-9
|
| 999 |
|
|
|c 565829
|d 567759
|
| 952 |
|
|
|a SNK
|b SNK
|y PREZ
|7 0
|p 17A0505438
|o snkSB 72109/1
|i snk2006/7023
|8 0
|0 0
|1 0
|4 0
|d 2006-04-04
|l 0
|r 2025-04-25 00:00:00
|w 2026-02-23
|
| 952 |
|
|
|a SNK
|b SNK
|y VYP
|7 0
|p 17A0505439
|o snkSB 72109/1 D1
|i snk2006/7024
|8 0
|0 0
|1 0
|4 0
|d 2006-04-04
|f 1
|l 0
|r 2026-02-23 13:57:13
|w 2026-02-23
|